| 000 | 00504nam a22001697a 4500 | ||
|---|---|---|---|
| 999 |
_c8326 _d8326 |
||
| 008 | 201113b ||||| |||| 00| 0 eng d | ||
| 040 | _aBMS College of Architecture | ||
| 100 | _aHarshadayene | ||
| 245 | _aFashion epoidode | ||
| 300 | _a44p. | ||
| 500 | _a1BM15AT028 | ||
| 502 |
_8B,Arch _NBMS College of Architecture, Visvesvaraya Technological University (VTU) _aProject report _d2019 |
||
| 650 | _aFashion | ||
| 700 |
_aMaithily Velangi _eGuide |
||
| 700 |
_aPraveen Alva _eGuide |
||
| 942 |
_2ddc _cTHE |
||